000 01193nam0a2200337 i 4500
001 RU\NLR\BIBL_A\010412724
005 20240726085419.0
010 _a9785699712663
_94000
021 _aRU
_b2014-34159
_92086
035 _a(NILC)RuMoRGB-007486053
035 _a(NLR Aleph) 010412724
090 _a9768656
_c9768656
100 _a20140707d2014 u y0rusy50 ca
101 1 _arus
_ceng
102 _aRU
105 _aa|||z|||000ay
200 1 _aАид
_e[роман]
_fАлександра Адорнетто
_g[пер. с англ. Г. Соловьевой
_gШкола пер. В. Баканова]
210 _aМосква
_cЭксмо
_d2014
215 _a413, [2] с.
_d20
225 1 _aРомантическая мистика
311 _aПродолж. романа "Нимб"
333 _a16+
488 0 _12001#$aНимб$fАлександра Адорнетто
_tНимб
686 1 _aШ6(7США)67-445(Лх1979-62)
700 1 _aАдорнетто
_bА.
_f1992-
_gАлександра
801 0 _aRU
_bРГБ
_c20140507
_gRCR
942 _cBOOK
980 _aNBR